00281nam a22000977a 4500008004100000082001600041100002200057245007500079260002100154300000800175230703b xxu||||| |||| 00| 0 eng d a352.13bROK cRepublic of Kenya aPay Policy for the Public Servicebdirectorate of Personnel Management aKenyabGOKc2006 a31p